| 000 | 00885cam a22003133a 4500 | ||
|---|---|---|---|
| 001 | sjds12714522 | ||
| 003 | sjds | ||
| 005 | 20230624122438.0 | ||
| 008 | 000710s2000 nyua c 000 1 eng d | ||
| 010 | _a 2002563599 | ||
| 020 | _a0439179785 (pbk.) | ||
| 020 | _a9780439179782 (pbk.) | ||
| 035 | _a(OCoLC)ocm44555438 | ||
| 040 |
_aEOW _cEOW _dDLC |
||
| 041 | _aeng | ||
| 050 | 0 | 0 | _aCPB Box no. 1879 vol. 9 |
| 100 | 1 |
_aWest, Tracey, _d1965- |
|
| 245 | 1 | 4 |
_aThe pet store Sprite / _cby Tracey West. |
| 260 |
_aNew York : _bScholastic, _cc2000. |
||
| 300 |
_a74 p. : _bill. ; _c20 cm. + _e1 pg. of stickers. |
||
| 490 | 0 |
_aPixie tricks ; _v3 |
|
| 500 | _a"A Little Apple paperback." | ||
| 521 | 0 | _aRL 2. | |
| 521 | 1 | _a006-009. | |
| 650 | 0 |
_aFairies _vJuvenile fiction. |
|
| 655 | 7 |
_aChildren's stories. _2lcsh |
|
| 942 | _cBK | ||
| 999 |
_c28208 _d28208 |
||